000 00728cam a2200241 a 4500
001 3035356
005 20180119041225.0
008 950929s1996 ctua b 001 0 eng
010 _a 95044407
020 _a0942391659 (hc)
020 _a1561581283 (pbk.)
040 _aDLC
_cDLC
_dDLC
041 _aeng
080 _a643.7nas
082 0 0 _a643.7nas
_220
100 1 _a41
101 _ande
245 1 0 _aRenovating old houses /
_cGeorge Nash.
504 _aIncludes bibliographical references (p. 334-338) and index.
906 _a7
_bcbc
_corignew
_d1
_eocip
_f19
_gy-gencatlg
942 _2ddc
_cBK
999 _c40534
_d40534